Arequipa a través del tiempo: política, cultura y sociedad (Registro nro. 25479)

Detalles MARC
000 -Cabecera
Campo de control interno 00512nam a22002057a 4500
005 - Fecha y hora del registro
control field 20260420172640.0
008 - Elementos de Longitud Fija
fixed length control field 260420b |||||||| |||| 00| 0 spa d
041 ## - Idioma
Codigo Idioma ESP
082 ## - DEWEY y NOTACIÓN INTERNA
Dewey 985.4
Notación Interna A69
100 ## - AUTOR
Autor denominación Espinoza de la Borda, Alvaro
245 ## - TÍTULO DE MATERIAL BIBLIOGRÁFICO
Título Arequipa a través del tiempo: política, cultura y sociedad
260 ## - CIUDAD, EDITORIAL, AÑO
Ciudad :
Nombre de la Editorial ,
Año 2008
300 ## - DESCRIPCIÓN
N° Páginas 169 páginas :
Otros detalles ;
Dimensiones 20 cm.
440 ## - MENCIÓN DE SERIE
Título de la Serie ;
650 ## - TEMAS
Temas Literatura
654 ## - PROGRAMAS
Programa Dpto. de Humanidades
700 ## - OTROS AUTORES
Otros autores ;
942 ## - ELEMENTOS DE KOHA
Tipo de documento Libro
Nombre del creador Justo Noguera
Código de catalogador Justo Noguera
Suppress in OPAC No
Esquema de clasificación Dewey Decimal Classification
Existencias
Codigo completo Registro Colección Copia número Disponibilidad Tipo de préstamo Biblioteca Actual Procedencia (Biblioteca) Ubicacón Fecha Ingreso Tipo de Adquisición Date last seen Total checkouts Price effective from Tipo de Item Estado del Material Fuente de Clasificación Damaged status Withdrawn status
985.4 A69 1001103 Universidad Católica San Pablo 1 Disponible Disponible Víctor Andrés Belaunde Víctor Andrés Belaunde Planta baja abierta 20/04/2026 Donación 20/04/2026   20/04/2026 Libro Bueno Dewey Decimal Classification